Ve znamení internacionalismu příspěvek k akcím mezinárodní solidarity východočeského proletariátu do roku 1939

Salvato in:
Dettagli Bibliografici
Autore principale: Frajdl, Jiří
Natura: Libro
Lingua:ceco
Pubblicazione: Hradec Králové Kruh 1979
Serie:Kraj
Tags: Aggiungi Tag
Nessun Tag, puoi essere il primo ad aggiungerne!!

MARC

LEADER 00000nam a2200000 4500
001 0221032
005 20240822101658.3
041 0 |a cze 
044 |a CZ 
245 1 0 |a Ve znamení internacionalismu  |b příspěvek k akcím mezinárodní solidarity východočeského proletariátu do roku 1939  |c Jiří Frajdl 
264 1 |a Hradec Králové  |b Kruh  |c 1979 
300 |a 161 s. 
490 1 |a Kraj 
830 0 |a Kraj 
100 1 |a Frajdl, Jiří